000 01415nam a2200349 c 4500
003 BLK
005 20250119004142.0
008 180411b bul|||||r ||||||| ||bul||
010 _aKNG00178983000
040 _aBLK
041 _aBUL
_cBUL
080 _aПериод на феодализма в българските земи (VII век -I пол. на XVIII век)
_b94(497.2)"06/17"
_x
_z94(497.2)"06/17"
100 1 _aМутафчиев, Петър Стоянов
_eпърви автор
_9410369
139 _aМутафчиев, Петър Стоянов
_bМ 96
245 1 0 _aИстория на българския народ
_cПетър Стоянов Мутафчиев.
250 _a4. изд.
257 _aBGR
260 София
_bБАН
_c1992
300 _a375 с.
_c20 см
380 _a9
500 _a1. изд. 1943 на изд. Бълг. книга в 2 т. - 5 000 тир. - Библиогр. след отд. гл.
650 7 _aБългария - история, средни векове
_2
_9149610
651 4 _aБългария
_9241624
653 _aбългарска история
653 _aСредновековие
852 _aЦб 170433
856 4 _qpdf
_u
856 4 _qpdf
_u
942 _cKNG
_n0
944 _aCR
_c30.07.2015
_lCRON CRON
_k
944 _aED
_c30.07.2015
_lф /
_kЛюдмила_Стоянова
999 _c170787
_d170787